000 00741cam a2200217 a 4500
001 3997749
005 20180306093304.0
008 960506s1997 ilua 001 0 eng
010 _a 96018720
020 _a0844258997 (pbk.)
040 _aDLC
_cDLC
_dDLC
041 _aeng
080 _a371.30281 BAU
082 0 0 _a371.30281 BAU
_220
100 1 _a25
101 _aEDU
245 1 0 _aHow to write term papers and reports /
_cL. Sue Baugh.
906 _a7
_bcbc
_corignew
_d1
_eocip
_f19
_gy-gencatlg
942 _2ddc
_cBK
999 _c44231
_d44231